000 00621nam a22002177a 4500
003 UA-OsUOA
001 56367
007 ta
008 20081017b un ||||| |||| 00| 0 ukr d
100 _aГай-Нижник П.П.
090 _a330
_bГ14
942 _cSA
040 _aUA-OsUOA
_bukr
_cUA-OsUOA
_dUA-OsUOA
245 _aПерший державний бюджет у новітній історії України
300 _aС.111-119
955 _a0
041 _aukr
080 _a330
773 0 _w56358
_tФінанси України
_dК.
_d2008
_g6
650 7 _a330 Економіка взагалі
_2UDC
999 _c342452
_d342452